| 000 | 01081nam a2200217Ia 4500 | ||
|---|---|---|---|
| 003 | Ost | ||
| 005 | 20260507075746.0 | ||
| 008 | 260507s9999||||xx |||||||||||||| ||und|| | ||
| 040 | _cfsecg | ||
| 041 | _aara | ||
| 082 | _a330 | ||
| 100 |
_aالصبان، محمد سمير _eمؤلف |
||
| 245 | 0 |
_aالمراجعة بين التنظير والتطبيق / _c محمد سمير الصبان |
|
| 260 |
_aبيروت: _bالدار الجامعية, _c1990 |
||
| 300 |
_a662 صفحة؛ _bإيضاحات ؛ _c25 سم |
||
| 520 | _aبيئة عمل المراجع- نحو ايجاد نظرية للمراجعة- معايير أو مستويات المراجعة- مسؤولية المراجع- تقرير المراجع الخارجي- الجوانب الفنية لإختبارات المراجع- الرقابة الداخلية- الجوانب الميدانية لعملية المراجعة وإجراءات التحقق. | ||
| 653 | _aالمحاسبة | ||
| 653 | _aالمراجعة | ||
| 700 |
_aمحمد، الفيومي محمد _eمؤلف ثانوي |
||
| 942 | _cكتاب | ||
| 999 |
_c46191 _d46191 |
||